The seven, Percy Jackson - Statistics

General Stats
  • This quiz has been taken 326 times
  • The average score is 5 of 7
Answer Stats
Answer % Correct
Percy Jackson
98%
Annabeth Chase
87%
Jason Grace
72%
Piper Mclean
68%
Leo Valdez
64%
Frank Zhang
53%
Hazel Levesque
53%
No matching quizzes found
Score Distribution
Percent of People with Each Score
Percentile by Number Answered
Your Score History
You have not taken this quiz